| 000 | 00919nas a2200313 4500 | ||
|---|---|---|---|
| 001 | BR2014003381 | ||
| 003 | BR-BrBNA | ||
| 005 | 20231205124056.0 | ||
| 007 | ta | ||
| 008 | 230509b bl.|||p| |||| 00| 00por d | ||
| 040 |
_aBR-BrBNA _bpor _cBiblioteca Nacional de Agricultura |
||
| 041 | _a(Pt) | ||
| 072 | _aP06; P07 | ||
| 100 | 1 | _aBarbosa, B.S. | |
| 100 | 1 | _aKoolen, H.H.F. | |
| 100 | 1 | _aBarreto, A.C. | |
| 100 | 1 | _aSilva, J.D. da | |
| 100 | 1 | _aFigliuolo, R. | |
| 100 | 1 | _aNunomura, S.M. | |
| 245 | 1 | _aAproveitamento do óleo das amêndoas de tucumã do Amazonas na produção de biodiesel | |
| 650 | _aTUCUM | ||
| 650 | _aAMÊNDOA | ||
| 650 | _aÓLEO VEGETAL | ||
| 650 | _aBIOCOMBUSTÍVEL | ||
| 650 | _aENERGIA ELÉTRICA | ||
| 773 | 0 |
_tActa Amazônica (Brazil) _xISSN 0044-5967 _g(Jun 2009), v. 39(2) p. 371-376 _wBR2014003381 |
|
| 909 |
_a202311 _bLúcia _c55 _dLúcia Elande |
||
| 942 |
_2AGRIS _n0 _cANA |
||
| 999 |
_c237181 _d237181 |
||